10 Words 20 Definitions VII Quiz Stats

 Plays Quiz Updated Apr 25, 2017

Challenge
Share
Tweet
Embed
Score 0/20 Timer 02:00
1 Play Today
% Correct
Eye
94.6%
Square
94.5%
Circle
94.1%
Eye
93.2%
Definition
92.9%
Vote
92.8%
Charge
92.5%
Square
92.3%
Stoop
91.7%
Moral
91.6%
% Correct
Needle
91.5%
Moral
89.5%
Stoop
86.7%
Vote
85.7%
Point
84.5%
Charge
81.6%
Definition
79.3%
Point
79.2%
Circle
78%
Needle
63.3%

You're not logged in!

Compare scores with friends on all Sporcle quizzes.
OR
Log In

You Might Also Like...

Show Comments

Extras

Top Quizzes Today


Score Distribution

Your Account Isn't Verified!

In order to create a playlist on Sporcle, you need to verify the email address you used during registration. Go to your Sporcle Settings to finish the process.

Report this User

Report this user for behavior that violates our Community Guidelines.

Details: